Actors Who Are In Multiple Quentin Tarantino Films - Statistics

General Stats
  • This quiz has been taken 82 times
  • The average score is 10 of 18
Answer Stats
# of Movies Actor % Correct
6 Samuel L. Jackson
99%
2 Brad Pitt
95%
2 Leonardo DiCaprio
90%
3 Uma Thurman
87%
2 Christoph Waltz
84%
9 Quentin Tarantino
71%
3 Tim Roth
71%
3 Harvey Keitel
65%
5 Michael Madsen
60%
2 Steve Buscemi
57%
2 Eli Roth
55%
3 Kurt Russel
53%
2 Walton Goggins
34%
3 Bruce Dern
23%
7 Zoë Bell
14%
4 James Parks
9%
4 Michael Parks
8%
3 Michael Bowen
4%
No matching quizzes found
Score Distribution
Percent of People with Each Score
Percentile by Number Answered
Your Score History
You have not taken this quiz